बुद्धकालीन राजग्रह / (Record no. 120212)

MARC details
000 -LEADER
fixed length control field 00995nam a22002537a 4500
005 - DATE AND TIME OF LATEST TRANSACTION
control field 20170124103154.0
010 ## - LIBRARY OF CONGRESS CONTROL NUMBER
LC control number 754766
020 ## - INTERNATIONAL STANDARD BOOK NUMBER
Terms of availability 6.00
035 ## - SYSTEM CONTROL NUMBER
System control number 754766
037 ## - SOURCE OF ACQUISITION
Source of stock number/acquisition Cen Lib/Ret
040 ## - CATALOGING SOURCE
Original cataloging agency DPL
Language of cataloging HN
082 ## - DEWEY DECIMAL CLASSIFICATION NUMBER
Classification number 954.013
Item number अनन्त
100 ## - MAIN ENTRY--PERSONAL NAME
Personal name अनन्त कुमार
9 (RLIN) 89246
245 ## - TITLE STATEMENT
Title बुद्धकालीन राजग्रह /
Statement of responsibility, etc अनन्त कुमार
246 ## - VARYING FORM OF TITLE
Title proper/short title Budhkalin rajgreh /
Remainder of title by Anant Kumar
260 ## - PUBLICATION, DISTRIBUTION, ETC. (IMPRINT)
Place of publication, distribution, etc पटना
Name of publisher, distributor, etc बिहार हिंदी ग्रंथ अकादेमी
Date of publication, distribution, etc 2000
300 ## - PHYSICAL DESCRIPTION
Extent 111पृ.
Dimensions 21सेमी(सजिल्द)
490 ## - SERIES STATEMENT
Series statement (c) बिहार हिंदी ग्रंथ अकादेमी
650 ## - SUBJECT ADDED ENTRY--TOPICAL TERM
Topical term or geographic name as entry element इतिहास
9 (RLIN) 89247
650 ## - SUBJECT ADDED ENTRY--TOPICAL TERM
Topical term or geographic name as entry element इतिहास--प्रमुख घटनाएँ
9 (RLIN) 89248
650 ## - SUBJECT ADDED ENTRY--TOPICAL TERM
Topical term or geographic name as entry element History
9 (RLIN) 89249
650 ## - SUBJECT ADDED ENTRY--TOPICAL TERM
Topical term or geographic name as entry element History--Major Events
9 (RLIN) 89250
942 ## - ADDED ENTRY ELEMENTS (KOHA)
Source of classification or shelving scheme Dewey Decimal Classification
Koha item type Hindi Books
Classification part 954.013
Call number suffix अनन्त
Holdings
Withdrawn status Lost status Damaged status Not for loan Home library Current library Date acquired Source of acquisition Cost, normal purchase price Total Checkouts Full call number Barcode Date last seen Date checked out Copy number Cost, replacement price Price effective from Koha item type
        Central Library Central Library 21/09/2015 Cen Lib/Ret 7.00 2 954.013 अनन्त 754766 25/05/2022 11/05/2022 1 7.00 21/09/2015 Hindi Books

© Delhi Public Library
Hit Counter
free hit counter